Vliv kalia a kalcia na kutánne reakcie

Bibliographic Details
Main Author: Tréger, Ján, 1894-1957 (Author)
Format: Article
Language:Slovak

MARC

LEADER 00000nab a2200000ua 4500
001 vtls010772867
003 SK-MaSNL
005 20260303123401.0
008 230214s1934 xo |||||||||||||||||slo|
035 |a (urnnbn)urn:nbn:sk:snk:ar-a03krj 
035 |a (uuid)4ad9eb00-eb16-4f69-825f-176020af7dae 
035 |a urn:nbn:sk:snk-ab5c66 
040 |a SNKBUCL  |b slo  |c SNKBUCL  |e AACR2 
041 0 |a slo 
044 |a xo  |c SK 
100 1 |a Tréger, Ján,  |d 1894-1957  |4 aut  |9 120201 
245 1 0 |a Vliv kalia a kalcia na kutánne reakcie  |c Ján Tréger 
773 0 |t Bratislavské lekárske listy  |g Roč. 14, č. 7 (1934), s. 283-292 
954 |a odborná, vedecká literatúra pôvodná (slovenská)  |2 lita 
958 |a OND 
958 |a EUIPO 
958 |a article3 
999 |c 1925559  |d 1927489